|
|
|
|
| LEADER |
00919nam a2200229 a 4500 |
| 008 |
100520s2007 ii a 000 1 eng d |
| 020 |
|
|
|a 8184000138
|
| 020 |
|
|
|a 9788184000138
|
| 040 |
|
|
|a DLC
|c DLC
|d DLC
|d BD-DhAAL
|
| 082 |
0 |
0 |
|a 823
|2 22
|
| 100 |
1 |
|
|a Desai, Anita,
|d 1937-
|
| 245 |
1 |
0 |
|a In custody /
|c Anita Desai.
|
| 260 |
|
|
|a New Delhi :
|b Random House India,
|c c2007.
|
| 300 |
|
|
|a 239 p. :
|b ill. ;
|c 20 cm.
|
| 541 |
1 |
|
|e 00020272
|
| 650 |
|
0 |
|a Poets, Indic
|x Interviews
|x Fiction.
|
| 651 |
|
0 |
|a India
|x Fiction.
|
| 852 |
4 |
|
|a Ayesha Abed Library
|j General Shelf
|
| 942 |
0 |
0 |
|0 1
|
| 999 |
|
|
|c 8670
|d 8670
|
| 952 |
|
|
|0 0
|1 0
|2 ddc
|4 0
|6 823_DES_200700000000000
|7 0
|9 10429
|a BRACUL
|b BRACUL
|c GEN
|d 2010-05-24
|l 6
|m 27
|o 823 DES
|p 3010020272
|r 2025-08-11
|s 2025-07-20
|t 1
|w 2010-05-24
|y BK
|
| 952 |
|
|
|0 0
|1 0
|2 ddc
|4 0
|6 823_DES_200700000000000
|7 0
|9 10506
|a BRACUL
|b BRACUL
|c GEN
|d 2010-05-25
|l 12
|m 56
|o 823 DES
|p 3010020314
|r 2023-06-06
|s 2023-05-10
|t 2
|w 2010-05-25
|y BK
|